| 000 | 00365 a2200169 4500 | ||
|---|---|---|---|
| 001 | 183280 | ||
| 020 | _a85-8509507-5 | ||
| 040 | _cMagnum | ||
| 100 | _aKis, Danilo | ||
| 240 | 1 | 0 |
_aJardim, cinzas _lpor |
| 245 | 1 | 0 | _aJardim, cinzas |
| 300 | _a204 | ||
| 362 | 0 | _a1986 | |
| 440 | 1 | _aCompanhia das Letras | |
| 697 | _aLITERATURA GERAL ESTRANGEIRA | ||
| 942 | _cBK | ||
| 999 |
_c183280 _d183280 |
||